000 00278nam a2200121Ia 4500
008 241002s9999 xx 000 0 und d
082 _a305.3 SAL
100 _aSalinger, J.D
245 0 _aFrammy and Zooey
260 _aLondon:
_c1964
600 _aSocial Sciences
942 _cUC
999 _c18748
_d18748